| 000 | 00490nam a22001937a 4500 | ||
|---|---|---|---|
| 005 | 20260423162847.0 | ||
| 008 | 260423b |||||||| |||| 00| 0 eng d | ||
| 020 |
_a9788120416598 _c425.00 |
||
| 040 | _aMAIN | ||
| 041 | _aEnglish | ||
| 082 |
_a333.707 _bNAI |
||
| 100 |
_aNaik, S.C. _926730 |
||
| 245 | _aSociety And Environment | ||
| 260 |
_aNew Delhi _bCBS _c2018 |
||
| 300 | _a311 | ||
| 650 |
_aEnvironment Science (PM USHA) _926725 |
||
| 700 |
_aTiwari, T.N. _926731 |
||
| 942 | _cBK | ||
| 999 |
_c60718 _d60718 |
||